000
00256nam a22001097a 4500
005
20230530130424.0
008
230530b |||||||| |||| 00| 0 eng d
022
_a
9770972688001
245
_a
OPERATIONS MANAGEMENT
260
_b
IUP PUBLICATIONS
942
_c
JRL
999
_c
8310
_d
8308